Analýza vývoja riadiacich a meracích systémov na ľahkovodných jadrových reaktoroch

Gespeichert in:
Bibliographische Detailangaben
1. Verfasser: Saro, Matúš, 1993- (Verfasst von)
Weitere Verfasser: Slugeň, Vladimír, 1962- (Betreuung Doktorarbeit)
Format: Manuskript Buch
Sprache:Slowakisch
Veröffentlicht: Bratislava : STU v Bratislave FEI, 2014
Schlagworte:
Online-Zugang:VAIS
Tags: Tag hinzufügen
Keine Tags, Fügen Sie das erste Tag hinzu!

MARC

LEADER 00000ntm a22000003a 4500
001 stu294751
005 20150617230315.6
008 140729s2014----xo------------------slo-d
040 |a STU  |b slo 
041 0 |a slo 
044 |a xo 
100 1 |a Saro, Matúš,  |d 1993-  |4 aut  |u E  |T FEI Fakulta elektrotechniky a informatiky  |X 9047  |U E  |Y 30  |7 A000009047 
242 0 0 |a Lightwater reactors control and measuring systems analysis  |y eng 
245 1 |a Analýza vývoja riadiacich a meracích systémov na ľahkovodných jadrových reaktoroch  
260 |a Bratislava :  |b STU v Bratislave FEI,  |c 2014 
300 |a 51 s 
650 7 |a Electrical Engineering  |2 estusub 
650 7 |a measurement  |2 estusub 
650 7 |a safety  |2 estusub 
650 7 |a meranie  |2 stusub 
650 7 |a bezpečnosť  |2 stusub 
700 1 |a Slugeň, Vladimír,  |d 1962-  |4 ths  |u E060  |U FEI Fakulta elektrotechniky a informatiky  |T FEI Ústav jadrového a fyzikálneho inžinierstva  |X 1909  |U E060  |Y 817  |7 A000001909 
856 4 |a info a plný text  |u http://is.stuba.sk/zp/portal_zp.pl?podrobnosti=88966  |3 VAIS 
996 |b 284ER01588  |c E*Bc-1588  |l EE36  |s P  |a 0  |w stu294751_0001